| LEADER 00000nam 2200000uu 4500 |
| 001 13399112698 |
| 003 BCNR |
| 008 110623s||||||||th 000 0 tha d |
| 041 0 tha^beng
|
| 060 04 WA540.JT3^bร155 2551
|
| 245 00 รวมกฎหมายพระราชบัญญัติสุขภาพจิต พ.ศ. 2551 /^cกรมสุขภาพภาพจิต กระทรวงสาธารณสุข, สำนักงานหลักประกันสุขภาพแห่งชาติ, สถาบันกัลยาณ์ราชนครินทร์กรมสุขภาพจิต กระทรวงสาธารณสุข
|
| 260 [ม.ป.ท. :^bม.ป.พ.],^c2551
|
| 300 ง, 146 หน้า ;^c21 ซม.
|
| 500 ชุดคู่มือพระราชบัญญัติสุขภาพจิต พ.ศ. 2551
|
| 650 7 สุขภาพ^vกฎหมายและระเบียบข้อบังคับ
|
| 650 7 พระราชบัญญัติสุขภาพจิต
|
| 650 7 นโยบายด้านสุขภาพ
|
| 710 2 กรมสุขภาพจิต
|
| 710 2 กรมสุขภาพจิต. ^bสถาบันกัลยาณ์ราชนครินทร์
|
| 710 2 สำนักงานหลักประกันสุขภาพแห่งชาติ
|
| 999 ^aบรรณารักษ์
|